| 000 | 01807cam a2200577 a 4500 | ||
|---|---|---|---|
| 001 | 21402 | ||
| 003 | VRT | ||
| 005 | 20260228143121.0 | ||
| 008 | 240314s2009 xo c 000 j slo | ||
| 015 | _aSNBA2010/02-00631 | ||
| 020 |
_a9788080711115 _q(viaz.) |
||
| 039 | 9 |
_a202403141026 _bVLOAD _c201003161216 _dmsnk36 _c201001150653 _dmsnk21 _c201001111101 _dmsnk21 |
|
| 040 |
_aBJKDG _bslo _cBJKDG _dSNK _eAACR2 |
||
| 041 | 1 |
_aslo _heng |
|
| 044 |
_axo _cSK |
||
| 072 | 7 |
_a2-23/-27 _xBiblia. Biblistika _2konspekt |
|
| 072 | 7 |
_a821-93 _xLiteratúra pre deti a mládež _2konspekt |
|
| 080 |
_a27-23 _22001 |
||
| 080 |
_a2-276.7 _22 001 |
||
| 080 |
_a821-93 _22001 |
||
| 080 |
_a27-236.5 _22001 |
||
| 080 |
_a(0:82-32) _22001 |
||
| 100 | 1 |
_aDegering, Etta B. _4aut |
|
| 240 | 1 | 0 |
_aMy Bible friends _lSlovensky |
| 245 | 1 | 0 |
_aVerní priatelia _cEtta B. Degering ; ilustrácie William Dolwick, Robert L. Berran, Fred Collins |
| 260 |
_aMartin _bAdvent Orion _c2009 |
||
| 300 |
_a255 s. _bfareb. illustr. _c19 cm |
||
| 490 | 1 | _aPríbehy pre deti | |
| 630 | 7 |
_aBiblia _2SNKPH |
|
| 650 | 0 | 7 |
_abiblické dejiny _2SNKPH |
| 655 | 7 |
_aliteratúra pre deti _2SNKPH |
|
| 655 | 7 |
_apríbehy _2SNKPH |
|
| 700 | 1 |
_aDolwick, William _4ill |
|
| 700 | 1 |
_aBerran, Robert L. _4ill |
|
| 700 | 1 |
_aCollins, Fred _4ill |
|
| 830 | 0 | _aPríbehy pre deti | |
| 910 | _abjkdg | ||
| 910 | _asllk | ||
| 910 | _avthk | ||
| 910 | _asnk | ||
| 942 |
_2ddc _cKLDE _n0 |
||
| 949 |
_6273K0513019 _asvkpoA 206379 _bsvkpo520973 |
||
| 949 |
_6270001000349221 _asvkbbA 125946 _bsvkbbm 703331 |
||
| 949 |
_617A0640148 _asnkSD 78757 _bsnk2009/22140 _o2469/09 |
||
| 949 |
_617A0640149 _asnkSD 78757 D1 _bsnk2009/22141 _o2469/09 |
||
| 980 | _a27-23 | ||
| 980 | _a2-276.7 | ||
| 980 | _a27-236.5 | ||
| 980 | _a821.111-32 | ||
| 980 | _a821-93 | ||
| 999 |
_c21402 _d21402 |
||